De dentro de la piel (Record no. 42373)

MARC details
000 -LEADER
campo de control de longitud fija 00534nam a2200169 i 4500
001 - NÚMERO DE CONTROL
campo de control 42373
003 - IDENTIFICADOR DE NÚMERO DE CONTROL
campo de control ES-MaACL
005 - FECHA Y HORA DE LA ÚLTIMA TRANSACCIÓN
campo de control 20250814063213.0
007 - CAMPO FIJO DE DESCRIPCIÓN FÍSICA--INFORMACIÓN GENERAL
campo de control de longitud fija t|
008 - DATOS DE LONGITUD FIJA--INFORMACIÓN GENERAL
campo de control de longitud fija 030313s1972 sp ||||1| spa d
100 1# - ENTRADA PRINCIPAL--NOMBRE DE PERSONA
Nombre de persona Castillo-Puche, José Luis,
Fechas asociadas al nombre 1919-2004
9 (RLIN) 36763
245 10 - MENCIÓN DEL TÍTULO
Título De dentro de la piel
Resto del título : (narraciones cortas) /
Mención de responsabilidad, etc. [José Luis Castillo-Puche].
260 ## - PUBLICACIÓN, DISTRIBUCIÓN, ETC.
Lugar de publicación, distribución, etc. [Madrid :
Nombre del editor, distribuidor, etc. Editora Nacional :
-- J. Benita,
Fecha de publicación, distribución, etc. 1972]
300 ## - DESCRIPCIÓN FÍSICA
Extensión 297 p. ;
Dimensiones 22 cm.
852 ## - LOCALIZACIÓN
Ubicación ES-MaACL
Número de control de estantería C-43370
Sublocalización o colección R.82630
Holdings
Estatus retirado Estado de pérdida Estado de daño No para préstamo Biblioteca de origen Biblioteca actual Ubicación en estantería Fecha de adquisición Fuente de adquisición Total de préstamos Signatura topográfica completa Código de barras Visto por última vez Precio de reemplazo Tipo de ítem Koha
        Biblioteca del Ateneo de Madrid Biblioteca del Ateneo de Madrid Depósito 2 17/01/2008     C-43370 1044590 23/02/2023 23/02/2023 Libro impreso